[Event "CECLUB Segunda División"]
[Site "Linares"]
[Date "2017.08.10"]
[Round "4"]
[White "Rubio Tapia, Jose Juan"]
[Black "Silva Rodriguez, Fernando"]
[Result "0-1"]
[Board "3"]
[WhiteElo "2074"]
[WhiteCountry "ESP"]
[WhiteFideId "2203367"]
[WhiteEloChange "-6"]
[BlackElo "2235"]
[BlackCountry "ESP"]
[BlackFideId "2215268"]
[BlackEloChange "6"]

1. d4 {[%clk 1:30:56]} d5 {[%clk 1:30:54]} 2. c4 {[%clk 1:31:15]} dxc4 {[%clk
1:30:56]} 3. Nf3 {[%clk 1:29:14]} Nf6 {[%clk 1:31:18]} 4. Nc3 {[%clk 1:29:07]} a6
{[%clk 1:31:38]} 5. a4 {[%clk 1:26:53]} Nc6 {[%clk 1:31:39]} 6. Bg5 {[%clk
1:16:31]} h6 {[%clk 1:30:36]} 7. Bxf6 {[%clk 1:12:23]} exf6 {[%clk 1:30:59]} 8.
e3 {[%clk 1:09:34]} Na5 {[%clk 1:28:28]} 9. Nd2 {[%clk 1:02:08]} Be6 {[%clk
1:28:06]} 10. Qh5 {[%clk 0:59:53]} Bb4 {[%clk 1:23:51]} 11. f4 {[%clk 0:57:25]}
f5 {[%clk 1:20:40]} 12. Be2 {[%clk 0:51:38]} c5 {[%clk 1:02:20]} 13. Nf3 {[%clk
0:43:30]} Qf6 {[%clk 0:53:56]} 14. O-O {[%clk 0:40:39]} cxd4 {[%clk 0:52:01]} 15.
exd4 {[%clk 0:34:48]} O-O {[%clk 0:48:37]} 16. Ne5 {[%clk 0:28:05]} Rfd8 {[%clk
0:45:41]} 17. d5 {[%clk 0:15:17]} Bxc3 {[%clk 0:39:13]} 18. bxc3 {[%clk 0:10:57]}
Bxd5 {[%clk 0:39:23]} 19. g4 {[%clk 0:10:15]} fxg4 {[%clk 0:34:03]} 20. Bxg4
{[%clk 0:09:19]} Be4 {[%clk 0:25:52]} 21. Rf2 {[%clk 0:07:09]} Nc6 {[%clk
0:19:52]} 22. Re1 {[%clk 0:05:22]} Bd5 {[%clk 0:12:58]} 23. Nd7 {[%clk 0:03:42]}
Qxc3 {[%clk 0:10:05]} 24. Rd1 {[%clk 0:02:09]} Be4 {[%clk 0:09:38]} 25. f5 {[%clk
0:01:44]} Qe3 {[%clk 0:04:35]} 26. f6 {[%clk 0:01:24]} g6 {[%clk 0:04:57]} 27.
Qh4 {[%clk 0:01:10]} Ne5 {[%clk 0:04:27]} 28. Kf1 {[%clk 0:00:32]} Nxd7 {[%clk
0:03:16]} 29. Rxd7 {[%clk 0:00:48]} Rxd7 {[%clk 0:03:42]} 30. Bxd7 {[%clk
0:01:05]} Rd8 {[%clk 0:03:38]} 31. Qg4 {[%clk 0:01:12]} Qd3+ {[%clk 0:01:18]} 32.
Ke1 {[%clk 0:01:29]} Qxd7 {[%clk 0:00:59]} 0-1

[Event "CECLUB Segunda División"]
[Site "Linares"]
[Date "2017.08.10"]
[Round "4"]
[White "Nieves Cabanes, Javier"]
[Black "Redondo Benavente, Ana"]
[Result "0-1"]
[Board "4"]
[WhiteElo "2203"]
[WhiteCountry "ESP"]
[WhiteFideId "22245707"]
[WhiteEloChange "-15"]
[BlackTitle "WFM"]
[BlackElo "2022"]
[BlackCountry "ESP"]
[BlackFideId "32021674"]
[BlackEloChange "15"]

1. d4 {[%clk 1:30:46]} Nf6 {[%clk 1:30:51]} 2. c4 {[%clk 1:30:29]} e6 {[%clk
1:30:35]} 3. Nc3 {[%clk 1:29:52]} Bb4 {[%clk 1:30:17]} 4. Nf3 {[%clk 1:28:23]} b6
{[%clk 1:30:19]} 5. g3 {[%clk 1:21:47]} Bb7 {[%clk 1:25:54]} 6. Bg2 {[%clk
1:22:11]} O-O {[%clk 1:26:05]} 7. O-O {[%clk 1:18:25]} Bxc3 {[%clk 1:22:44]} 8.
bxc3 {[%clk 1:18:49]} d6 {[%clk 1:22:03]} 9. a4 {[%clk 1:06:42]} Nc6 {[%clk
1:17:30]} 10. c5 {[%clk 1:04:36]} dxc5 {[%clk 1:14:17]} 11. dxc5 {[%clk 1:04:05]}
Qxd1 {[%clk 1:08:57]} 12. Rxd1 {[%clk 1:04:05]} Na5 {[%clk 1:07:37]} 13. Ba3
{[%clk 0:45:12]} Rfd8 {[%clk 1:04:49]} 14. Bb4 {[%clk 0:44:44]} Nc4 {[%clk
0:46:08]} 15. Rd4 {[%clk 0:36:11]} Rxd4 {[%clk 0:45:36]} 16. cxd4 {[%clk
0:36:18]} a5 {[%clk 0:42:37]} 17. Be1 {[%clk 0:35:41]} Rd8 {[%clk 0:38:26]} 18.
e3 {[%clk 0:30:49]} Be4 {[%clk 0:35:07]} 19. Bf1 {[%clk 0:20:00]} Nxe3 {[%clk
0:31:25]} 20. fxe3 {[%clk 0:20:09]} Bxf3 {[%clk 0:31:46]} 21. cxb6 {[%clk
0:20:24]} cxb6 {[%clk 0:32:06]} 22. Rb1 {[%clk 0:19:59]} Rd6 {[%clk 0:31:00]} 23.
Bxa5 {[%clk 0:19:54]} Nd5 {[%clk 0:30:10]} 24. Bd3 {[%clk 0:18:27]} f5 {[%clk
0:30:27]} 25. Bd2 {[%clk 0:16:23]} Be4 {[%clk 0:30:10]} 26. Bxe4 {[%clk 0:16:36]}
fxe4 {[%clk 0:30:39]} 27. Rc1 {[%clk 0:16:42]} Kf7 {[%clk 0:30:05]} 28. Kg2
{[%clk 0:16:08]} Rd7 {[%clk 0:27:39]} 29. Kf2 {[%clk 0:13:02]} Rb7 {[%clk
0:26:32]} 30. Rb1 {[%clk 0:11:30]} Ra7 {[%clk 0:26:13]} 31. Ra1 {[%clk 0:11:14]}
h5 {[%clk 0:23:45]} 32. Ke2 {[%clk 0:10:37]} Rc7 {[%clk 0:23:40]} 33. a5 {[%clk
0:09:34]} bxa5 {[%clk 0:23:38]} 34. Rxa5 {[%clk 0:09:46]} Rb7 {[%clk 0:23:28]}
35. Rc5 {[%clk 0:08:41]} Rb3 {[%clk 0:22:42]} 36. Rc1 {[%clk 0:07:04]} Kf6 {[%clk
0:20:17]} 37. Rc2 {[%clk 0:06:13]} Rb1 {[%clk 0:15:10]} 38. Rc1 {[%clk 0:05:19]}
Rxc1 {[%clk 0:13:21]} 39. Bxc1 {[%clk 0:05:44]} g5 {[%clk 0:13:40]} 40. h3 {[%clk
0:04:25]} g4 {[%clk 0:13:37]} 41. h4 {[%clk 0:04:35]} Ke7 {[%clk 0:09:30]} 42.
Kd1 {[%clk 0:03:22]} Kd7 {[%clk 0:09:49]} 43. Bd2 {[%clk 0:03:13]} Kc6 {[%clk
0:06:04]} 44. Kc2 {[%clk 0:03:18]} Ne7 {[%clk 0:05:32]} 45. Be1 {[%clk 0:03:10]}
Kd5 {[%clk 0:05:29]} 46. Kb3 {[%clk 0:02:50]} Nc6 {[%clk 0:05:45]} 47. Bc3 {[%clk
0:02:55]} Ne7 {[%clk 0:05:14]} 48. Be1 {[%clk 0:03:15]} Nf5 {[%clk 0:05:20]} 49.
Bf2 {[%clk 0:03:38]} Nd6 {[%clk 0:05:39]} 50. Kb4 {[%clk 0:02:28]} Nc4 {[%clk
0:06:05]} 51. Kc3 {[%clk 0:02:41]} e5 {[%clk 0:06:01]} 52. dxe5 {[%clk 0:02:16]}
Nxe5 {[%clk 0:06:30]} 53. Be1 {[%clk 0:01:49]} Nf3 {[%clk 0:05:56]} 54. Bf2
{[%clk 0:01:57]} Kc5 {[%clk 0:06:23]} 55. Kb3 {[%clk 0:02:01]} Ne5 {[%clk
0:05:09]} 56. Be1 {[%clk 0:01:42]} Nc4 {[%clk 0:04:02]} 57. Bf2 {[%clk 0:02:08]}
Nd6 {[%clk 0:02:56]} 58. Be1 {[%clk 0:02:19]} Nf5 {[%clk 0:03:21]} 59. Bf2 {[%clk
0:02:38]} Ne7 {[%clk 0:03:45]} 60. Be1 {[%clk 0:02:59]} Nd5 {[%clk 0:04:11]} 61.
Bd2 {[%clk 0:03:16]} Kb5 {[%clk 0:04:14]} 62. Bc1 {[%clk 0:03:04]} Ne7 {[%clk
0:04:38]} 63. Kc3 {[%clk 0:02:12]} Nf5 {[%clk 0:05:00]} 64. Bd2 {[%clk 0:02:01]}
Kc6 {[%clk 0:03:21]} 65. Kc4 {[%clk 0:01:02]} Kd6 {[%clk 0:02:42]} 66. Bb4+
{[%clk 0:00:46]} Ke6 {[%clk 0:03:04]} 67. Be1 {[%clk 0:00:41]} Nxe3+ {[%clk
0:03:30]} 68. Kc3 {[%clk 0:00:49]} Ng2 {[%clk 0:03:22]} 69. Bf2 {[%clk 0:00:37]}
e3 {[%clk 0:03:30]} 70. Bg1 {[%clk 0:00:42]} e2 {[%clk 0:03:52]} 71. Bf2 {[%clk
0:00:53]} e1Q+ {[%clk 0:04:10]} 72. Bxe1 {[%clk 0:01:19]} Nxe1 {[%clk 0:04:32]}
73. Kd4 {[%clk 0:01:36]} 0-1

[Event "CECLUB Segunda División"]
[Site "Linares"]
[Date "2017.08.10"]
[Round "4"]
[White "Fidalgo Fernandez, Javier"]
[Black "Ladron De Guevara Pinto, Paolo"]
[Result "0-1"]
[Board "1"]
[WhiteTitle "FM"]
[WhiteElo "2312"]
[WhiteCountry "ESP"]
[WhiteFideId "2263645"]
[WhiteEloChange "-7"]
[BlackTitle "FM"]
[BlackElo "2414"]
[BlackCountry "ESP"]
[BlackFideId "2290847"]
[BlackEloChange "4"]

1. d4 {[%clk 1:30:55]} Nf6 {[%clk 1:30:51]} 2. Bg5 {[%clk 1:31:04]} e6 {[%clk
1:31:14]} 3. e4 {[%clk 1:31:12]} h6 {[%clk 1:31:35]} 4. Bxf6 {[%clk 1:30:57]}
Qxf6 {[%clk 1:31:59]} 5. c3 {[%clk 1:31:05]} d6 {[%clk 1:26:14]} 6. Nd2 {[%clk
1:28:39]} g6 {[%clk 1:22:40]} 7. Bd3 {[%clk 1:27:59]} Bg7 {[%clk 1:23:03]} 8. Ne2
{[%clk 1:28:19]} e5 {[%clk 1:21:30]} 9. O-O {[%clk 1:28:10]} Nc6 {[%clk 1:16:23]}
10. Nb3 {[%clk 1:22:43]} Qe7 {[%clk 1:03:49]} 11. f4 {[%clk 1:19:49]} exd4 {[%clk
1:01:00]} 12. Nexd4 {[%clk 1:00:00]} O-O {[%clk 1:01:22]} 13. Qf3 {[%clk
0:59:30]} Bd7 {[%clk 0:49:53]} 14. Rae1 {[%clk 0:58:56]} Rae8 {[%clk 0:49:43]}
15. Nc2 {[%clk 0:59:14]} Qd8 {[%clk 0:48:09]} 16. Ne3 {[%clk 0:56:21]} a6 {[%clk
0:34:04]} 17. Qg3 {[%clk 0:54:33]} b5 {[%clk 0:32:27]} 18. a3 {[%clk 0:53:55]}
Kh7 {[%clk 0:27:32]} 19. Nd2 {[%clk 0:52:05]} Ne7 {[%clk 0:12:52]} 20. Re2 {[%clk
0:46:02]} Ng8 {[%clk 0:11:33]} 21. h3 {[%clk 0:32:31]} c6 {[%clk 0:11:45]} 22.
Kh1 {[%clk 0:31:36]} Bc8 {[%clk 0:10:44]} 23. Qf3 {[%clk 0:31:57]} c5 {[%clk
0:10:48]} 24. Bc2 {[%clk 0:30:59]} Bb7 {[%clk 0:11:04]} 25. Qg3 {[%clk 0:24:04]}
Nf6 {[%clk 0:10:51]} 26. Ng4 {[%clk 0:23:54]} Nh5 {[%clk 0:10:54]} 27. Qf2 {[%clk
0:23:53]} f5 {[%clk 0:10:16]} 28. Nh2 {[%clk 0:16:26]} fxe4 {[%clk 0:10:42]} 29.
Nxe4 {[%clk 0:16:16]} Rxf4 {[%clk 0:08:39]} 30. Qe1 {[%clk 0:16:28]} Rfxe4 {[%clk
0:08:50]} 31. Bxe4 {[%clk 0:15:56]} Rxe4 {[%clk 0:09:15]} 32. Rxe4 {[%clk
0:15:45]} Bxe4 {[%clk 0:09:41]} 33. Kg1 {[%clk 0:14:57]} d5 {[%clk 0:10:04]} 34.
Nf3 {[%clk 0:14:52]} g5 {[%clk 0:07:59]} 35. h4 {[%clk 0:14:41]} g4 {[%clk
0:08:01]} 36. Nd2 {[%clk 0:14:48]} Bg6 {[%clk 0:08:27]} 37. g3 {[%clk 0:14:37]}
d4 {[%clk 0:08:44]} 38. Ne4 {[%clk 0:14:50]} dxc3 {[%clk 0:09:08]} 39. Nxc3
{[%clk 0:14:32]} b4 {[%clk 0:09:16]} 40. axb4 {[%clk 0:14:56]} cxb4 {[%clk
0:09:41]} 41. Nd1 {[%clk 0:14:24]} Qd4+ {[%clk 0:09:30]} 42. Kh2 {[%clk 0:14:35]}
Be5 {[%clk 0:09:55]} 43. Rg1 {[%clk 0:13:47]} a5 {[%clk 0:09:54]} 44. Ne3 {[%clk
0:14:07]} Qxb2+ {[%clk 0:10:17]} 45. Rg2 {[%clk 0:14:22]} Qc3 {[%clk 0:08:44]}
46. Qe2 {[%clk 0:13:51]} b3 {[%clk 0:09:02]} 47. Nxg4 {[%clk 0:14:01]} Bxg3+
{[%clk 0:09:20]} 48. Kh1 {[%clk 0:14:23]} Qc1+ {[%clk 0:09:40]} 49. Rg1 {[%clk
0:14:41]} Qc6+ {[%clk 0:10:07]} 50. Rg2 {[%clk 0:15:05]} Be4 {[%clk 0:10:33]} 51.
Kg1 {[%clk 0:14:20]} Qc1+ {[%clk 0:10:56]} 0-1

[Event "CECLUB Segunda División"]
[Site "Linares"]
[Date "2017.08.10"]
[Round "4"]
[White "Naranjo Moreno, Antonio"]
[Black "Fernandez Torre, Ivan"]
[Result "1-0"]
[Board "2"]
[WhiteTitle "FM"]
[WhiteElo "2379"]
[WhiteCountry "ESP"]
[WhiteFideId "2278626"]
[WhiteEloChange "4"]
[BlackElo "2152"]
[BlackCountry "ESP"]
[BlackFideId "2229528"]
[BlackEloChange "-4"]

1. e4 {[%clk 1:30:53]} c5 {[%clk 1:30:57]} 2. Nf3 {[%clk 1:31:15]} e6 {[%clk
1:31:16]} 3. d4 {[%clk 1:31:39]} cxd4 {[%clk 1:31:44]} 4. Nxd4 {[%clk 1:32:01]}
a6 {[%clk 1:32:03]} 5. Bd3 {[%clk 1:32:04]} Nf6 {[%clk 1:31:30]} 6. O-O {[%clk
1:32:15]} Qc7 {[%clk 1:31:43]} 7. Nc3 {[%clk 1:32:30]} Nc6 {[%clk 1:31:52]} 8.
Be3 {[%clk 1:32:44]} Ne5 {[%clk 1:30:02]} 9. h3 {[%clk 1:32:31]} Bc5 {[%clk
1:27:35]} 10. f4 {[%clk 1:32:39]} Nc6 {[%clk 1:21:43]} 11. Nce2 {[%clk 1:22:11]}
Qb6 {[%clk 1:15:31]} 12. c3 {[%clk 1:21:14]} Qxb2 {[%clk 1:11:57]} 13. Kh2 {[%clk
1:16:19]} Qb6 {[%clk 1:10:06]} 14. Bc2 {[%clk 0:48:40]} d6 {[%clk 1:02:11]} 15.
Qd3 {[%clk 0:39:06]} e5 {[%clk 0:49:10]} 16. Rab1 {[%clk 0:31:20]} Qc7 {[%clk
0:41:30]} 17. Nxc6 {[%clk 0:28:26]} Bxe3 {[%clk 0:40:48]} 18. fxe5 {[%clk
0:18:45]} dxe5 {[%clk 0:39:35]} 19. Qxe3 {[%clk 0:17:26]} Qxc6 {[%clk 0:37:50]}
20. Qg5 {[%clk 0:13:49]} O-O {[%clk 0:37:58]} 21. Qxe5 {[%clk 0:13:47]} Re8
{[%clk 0:34:31]} 22. Qf4 {[%clk 0:13:44]} Be6 {[%clk 0:32:38]} 23. a4 {[%clk
0:10:51]} Rad8 {[%clk 0:25:49]} 24. Rf3 {[%clk 0:06:57]} Qc4 {[%clk 0:19:38]} 25.
Ng3 {[%clk 0:07:09]} Qa2 {[%clk 0:19:59]} 26. Rc1 {[%clk 0:07:29]} Qc4 {[%clk
0:19:09]} 27. Qg5 {[%clk 0:06:53]} h6 {[%clk 0:13:18]} 28. Qf4 {[%clk 0:07:17]}
Qc6 {[%clk 0:10:17]} 29. Re1 {[%clk 0:06:22]} Qd6 {[%clk 0:05:59]} 30. Rb1 {[%clk
0:02:47]} Qxf4 {[%clk 0:06:01]} 31. Rxf4 {[%clk 0:03:16]} Rd2 {[%clk 0:06:21]}
32. Bb3 {[%clk 0:03:37]} Bxb3 {[%clk 0:06:01]} 33. Rxb3 {[%clk 0:04:05]} Ra2
{[%clk 0:06:16]} 34. Rb4 {[%clk 0:03:07]} Rd8 {[%clk 0:05:17]} 35. Nf1 {[%clk
0:03:22]} Rd3 {[%clk 0:04:53]} 36. Rc4 {[%clk 0:02:45]} Rc2 {[%clk 0:04:57]} 37.
Rc8+ {[%clk 0:02:35]} Kh7 {[%clk 0:05:26]} 38. e5 {[%clk 0:02:52]} Nd7 {[%clk
0:02:04]} 39. Re8 {[%clk 0:03:21]} Re2 {[%clk 0:02:08]} 40. Ng3 {[%clk 0:02:44]}
Rxe5 {[%clk 0:02:16]} 41. Rd8 {[%clk 0:02:47]} Nc5 {[%clk 0:00:53]} 42. Rxd3
{[%clk 0:03:00]} Nxd3 {[%clk 0:01:22]} 43. Rxf7 {[%clk 0:03:20]} Nc5 {[%clk
0:01:34]} 44. a5 {[%clk 0:03:25]} Kg6 {[%clk 0:02:03]} 45. Rc7 {[%clk 0:03:53]}
h5 {[%clk 0:02:02]} 46. h4 {[%clk 0:03:44]} Kh6 {[%clk 0:01:38]} 47. Kh3 {[%clk
0:03:32]} Kg6 {[%clk 0:01:41]} 48. Kh2 {[%clk 0:03:46]} Kh6 {[%clk 0:01:55]} 49.
Kg1 {[%clk 0:04:00]} Kg6 {[%clk 0:01:48]} 50. Kf2 {[%clk 0:03:27]} Rd5 {[%clk
0:01:31]} 51. Ne2 {[%clk 0:03:29]} Ne6 {[%clk 0:01:09]} 52. Re7 {[%clk 0:01:45]}
Rf5+ {[%clk 0:01:00]} 53. Kg3 {[%clk 0:01:24]} Nc5 {[%clk 0:00:43]} 54. Nd4
{[%clk 0:01:13]} Rd5 {[%clk 0:00:38]} 55. Kf4 {[%clk 0:01:15]} Kf6 {[%clk
0:01:07]} 56. Re8 {[%clk 0:01:00]} Kf7 {[%clk 0:01:08]} 57. Rb8 {[%clk 0:01:06]}
Kf6 {[%clk 0:01:18]} 58. g3 {[%clk 0:01:02]} Rd7 {[%clk 0:01:12]} 59. Rf8+ {[%clk
0:00:55]} Ke7 {[%clk 0:01:08]} 60. Rh8 {[%clk 0:01:11]} Rd5 {[%clk 0:01:11]} 61.
Nf5+ {[%clk 0:01:14]} Kf6 {[%clk 0:00:58]} 62. Rf8+ {[%clk 0:01:31]} Ke6 {[%clk
0:01:25]} 63. Nxg7+ {[%clk 0:01:24]} Ke7 {[%clk 0:01:54]} 64. Rf5 {[%clk
0:01:36]} Rxf5+ {[%clk 0:00:42]} 65. Kxf5 {[%clk 0:01:17]} Nb3 {[%clk 0:01:11]}
66. Nxh5 {[%clk 0:01:30]} Nxa5 {[%clk 0:01:40]} 67. Nf4 {[%clk 0:01:25]} Nc4
{[%clk 0:02:08]} 68. Kg6 {[%clk 0:01:33]} a5 {[%clk 0:01:54]} 69. Kg7 {[%clk
0:02:02]} Ne5 {[%clk 0:02:00]} 70. h5 {[%clk 0:02:10]} a4 {[%clk 0:02:14]} 71. h6
{[%clk 0:02:18]} a3 {[%clk 0:01:47]} 72. Nd5+ {[%clk 0:01:44]} Ke6 {[%clk
0:01:17]} 73. Nb4 {[%clk 0:02:02]} Nc6 {[%clk 0:01:04]} 74. h7 {[%clk 0:01:18]}
Nxb4 {[%clk 0:01:29]} 75. h8Q {[%clk 0:01:41]} a2 {[%clk 0:01:55]} 76. Qa8 {[%clk
0:02:06]} Na6 {[%clk 0:02:03]} 77. Qe8+ {[%clk 0:02:30]} Kd6 {[%clk 0:02:27]} 78.
Qa4 {[%clk 0:02:51]} Kd5 {[%clk 0:02:46]} 1-0

[Event "CECLUB Segunda División"]
[Site "Linares"]
[Date "2017.08.10"]
[Round "4"]
[White "Ortiz Fernandez-Vega, Alejandro"]
[Black "Claros Egea, Christian"]
[Result "1/2-1/2"]
[Board "3"]
[WhiteElo "2173"]
[WhiteCountry "ESP"]
[WhiteFideId "2226146"]
[WhiteEloChange "2"]
[BlackElo "2227"]
[BlackCountry "ESP"]
[BlackFideId "2260468"]
[BlackEloChange "-2"]

1. e4 {[%clk 1:30:54]} c5 {[%clk 1:30:53]} 2. Nf3 {[%clk 1:31:16]} d6 {[%clk
1:31:17]} 3. d4 {[%clk 1:31:39]} cxd4 {[%clk 1:31:42]} 4. Nxd4 {[%clk 1:32:03]}
Nf6 {[%clk 1:32:05]} 5. Nc3 {[%clk 1:32:24]} a6 {[%clk 1:32:30]} 6. Be3 {[%clk
1:32:46]} e6 {[%clk 1:31:33]} 7. Bd3 {[%clk 1:32:53]} b5 {[%clk 1:31:28]} 8. O-O
{[%clk 1:29:25]} Bb7 {[%clk 1:31:37]} 9. f4 {[%clk 1:25:02]} Nbd7 {[%clk
1:24:15]} 10. a3 {[%clk 1:18:00]} Qc7 {[%clk 1:18:53]} 11. Qf3 {[%clk 1:09:04]}
Be7 {[%clk 1:05:50]} 12. Rae1 {[%clk 1:07:51]} h6 {[%clk 1:02:45]} 13. Qh3 {[%clk
0:56:47]} h5 {[%clk 0:51:41]} 14. Kh1 {[%clk 0:43:36]} Rc8 {[%clk 0:23:20]} 15.
Bg1 {[%clk 0:26:56]} Qb8 {[%clk 0:18:33]} 16. Nf3 {[%clk 0:05:33]} Bc6 {[%clk
0:03:39]} 17. Re2 {[%clk 0:05:51]} a5 {[%clk 0:03:04]} 18. Nd4 {[%clk 0:06:06]}
b4 {[%clk 0:02:56]} 19. Nxc6 {[%clk 0:05:10]} Rxc6 {[%clk 0:03:22]} 20. Nd5
{[%clk 0:01:13]} exd5 {[%clk 0:03:08]} 21. exd5 {[%clk 0:01:36]} Rc7 {[%clk
0:01:16]} 22. Bd4 {[%clk 0:00:40]} Nb6 {[%clk 0:00:48]} 23. axb4 {[%clk 0:00:41]}
axb4 {[%clk 0:01:08]} 24. Bb5+ {[%clk 0:00:39]} Kf8 {[%clk 0:01:28]} 25. Bxf6
{[%clk 0:00:44]} gxf6 {[%clk 0:01:40]} 26. Bc6 {[%clk 0:01:10]} Nc4 {[%clk
0:01:02]} 27. Rfe1 {[%clk 0:00:49]} Na5 {[%clk 0:00:54]} 28. Ba4 {[%clk 0:01:14]}
h4 {[%clk 0:00:58]} 29. Qg4 {[%clk 0:00:36]} Qb7 {[%clk 0:00:50]} 30. Qf5 {[%clk
0:00:39]} Qb8 {[%clk 0:00:35]} 31. Qg4 {[%clk 0:00:57]} Qb7 {[%clk 0:00:54]} 32.
Qf5 {[%clk 0:01:22]} Rh6 {[%clk 0:01:06]} 33. Qe4 {[%clk 0:01:12]} f5 {[%clk
0:00:34]} 34. Qxf5 {[%clk 0:01:24]} Bf6 {[%clk 0:00:43]} 35. Qg4 {[%clk 0:01:13]}
Re7 {[%clk 0:00:39]} 36. f5 {[%clk 0:01:07]} Rxe2 {[%clk 0:00:43]} 37. Rxe2
{[%clk 0:01:30]} Be5 {[%clk 0:00:52]} 38. Qg5 {[%clk 0:01:27]} Rf6 {[%clk
0:00:58]} 39. Rxe5 {[%clk 0:01:28]} dxe5 {[%clk 0:01:21]} 40. Qxf6 {[%clk
0:01:51]} Qxd5 {[%clk 0:01:41]} 41. Qh8+ {[%clk 0:01:11]} Ke7 {[%clk 0:02:07]}
42. Qxh4+ {[%clk 0:01:37]} f6 {[%clk 0:02:28]} 43. Qh7+ {[%clk 0:01:40]} Kd8
{[%clk 0:02:42]} 44. Qh8+ {[%clk 0:01:46]} Kc7 {[%clk 0:02:56]} 45. Qg7+ {[%clk
0:02:09]} Kc8 {[%clk 0:02:25]} 46. Qf8+ {[%clk 0:02:28]} Kc7 {[%clk 0:02:46]} 47.
Qe7+ {[%clk 0:02:26]} Kc8 {[%clk 0:03:02]} 48. h3 {[%clk 0:00:41]} Qd1+ {[%clk
0:01:58]} 49. Kh2 {[%clk 0:01:07]} Qd4 {[%clk 0:02:27]} 50. Qe6+ {[%clk 0:00:40]}
Kc7 {[%clk 0:02:45]} 51. Qe7+ {[%clk 0:00:47]} Kc8 {[%clk 0:02:45]} 52. Qe6+
{[%clk 0:00:31]} 1/2-1/2

[Event "CECLUB Segunda División"]
[Site "Linares"]
[Date "2017.08.10"]
[Round "4"]
[White "Martin Carmona, Gaston Manuel"]
[Black "Iglesias Leon, Francisco J."]
[Result "1-0"]
[Board "4"]
[WhiteElo "2205"]
[WhiteCountry "ESP"]
[WhiteFideId "22284567"]
[WhiteEloChange "9"]
[BlackElo "2172"]
[BlackCountry "ESP"]
[BlackFideId "2212544"]
[BlackEloChange "-9"]

1. e4 {[%clk 1:30:30]} d6 {[%clk 1:30:30]} 2. d4 {[%clk 1:30:30]} Nf6 {[%clk
1:30:30]} 3. Nc3 {[%clk 1:30:30]} e5 {[%clk 1:30:30]} 4. Nf3 {[%clk 1:30:30]}
Nbd7 {[%clk 1:30:30]} 5. g4 {[%clk 1:30:30]} Nxg4 {[%clk 1:30:30]} 6. Rg1 {[%clk
1:30:30]} Ngf6 {[%clk 1:30:30]} 7. Bc4 {[%clk 1:30:30]} h6 {[%clk 1:30:30]} 8.
Be3 {[%clk 1:30:30]} c6 {[%clk 1:30:30]} 9. dxe5 {[%clk 1:30:30]} dxe5 {[%clk
1:30:30]} 10. Qd3 {[%clk 1:30:30]} Qa5 {[%clk 1:30:30]} 11. O-O-O {[%clk
1:30:30]} b5 {[%clk 1:30:30]} 12. Bb3 {[%clk 1:30:30]} Ba6 {[%clk 1:30:30]} 13.
Nd2 {[%clk 1:30:30]} Rd8 {[%clk 1:30:30]} 14. Qf1 {[%clk 1:30:30]} Qc7 {[%clk
1:30:30]} 15. f4 {[%clk 1:30:30]} Bb7 {[%clk 1:30:30]} 16. a4 {[%clk 1:30:30]} a6
{[%clk 1:30:30]} 17. Kb1 {[%clk 1:30:30]} exf4 {[%clk 1:30:30]} 18. Bxf4 {[%clk
1:30:30]} Ne5 {[%clk 1:30:30]} 19. Nf3 {[%clk 1:09:26]} Rxd1+ {[%clk 1:29:03]}
20. Nxd1 {[%clk 1:08:40]} Nxf3 {[%clk 1:27:15]} 21. Qxf3 {[%clk 1:08:07]} Qe7
{[%clk 1:22:30]} 22. e5 {[%clk 1:05:34]} Nd5 {[%clk 1:17:47]} 23. Bd2 {[%clk
1:05:32]} Kd8 {[%clk 1:06:42]} 24. axb5 {[%clk 1:03:44]} axb5 {[%clk 1:05:46]}
25. Ne3 {[%clk 0:55:18]} g6 {[%clk 0:58:34]} 26. Nxd5 {[%clk 0:54:29]} cxd5
{[%clk 0:58:34]} 27. Bxd5 {[%clk 0:53:07]} Kc8 {[%clk 0:57:47]} 28. Bxb7+ {[%clk
0:52:09]} Qxb7 {[%clk 0:57:47]} 29. Qf6 {[%clk 0:51:08]} Rh7 {[%clk 0:57:00]} 30.
e6 {[%clk 0:42:48]} Bc5 {[%clk 0:51:40]} 31. Qc3 {[%clk 0:41:58]} Qc7 {[%clk
0:50:04]} 32. Be3 {[%clk 0:42:05]} Bd6 {[%clk 0:44:59]} 33. Qd3 {[%clk 0:41:09]}
Bxh2 {[%clk 0:41:55]} 34. Rg4 {[%clk 0:41:28]} Qc6 {[%clk 0:39:44]} 35. Rb4
{[%clk 0:33:42]} fxe6 {[%clk 0:39:28]} 36. Rxb5 {[%clk 0:32:15]} Rd7 {[%clk
0:39:11]} 37. Qe2 {[%clk 0:31:36]} Qh1+ {[%clk 0:38:34]} 38. Ka2 {[%clk 0:30:22]}
Qa8+ {[%clk 0:38:34]} 39. Kb3 {[%clk 0:28:47]} Rb7 {[%clk 0:37:54]} 40. Bb6
{[%clk 0:29:04]} Rxb6 {[%clk 0:36:05]} 41. Rxb6 {[%clk 0:29:12]} Qd5+ {[%clk
0:36:05]} 42. c4 {[%clk 0:28:31]} Qc5 {[%clk 0:35:01]} 43. Qxe6+ {[%clk 0:28:49]}
Kc7 {[%clk 0:35:20]} 44. Rb5 {[%clk 0:28:50]} Qd6 {[%clk 0:35:42]} 45. Qf7+
{[%clk 0:28:34]} Kd8 {[%clk 0:36:01]} 46. Rd5 {[%clk 0:28:34]} 1-0